00238nam a2200109Ia 4500008004100000100001100041245001900052260002100071650001200092942000700104999001700111190216s9999||||xx |||||||||||||| ||und|| aMavnin 0aMechine Design bBhasha Institute aPhysics cBK c39052d39052